| 000 | 00921 a2200193 4500 | ||
|---|---|---|---|
| 001 | 139483 | ||
| 040 | _cLeonardo Da Vinci | ||
| 041 | _aPortuguês | ||
| 082 |
_a530 M131f _bM131f |
||
| 100 | _aMACHADO, Francisco | ||
| 245 |
_aFísica _bpara o colégio: curso completo |
||
| 250 | _a2.ed | ||
| 260 |
_bScipione _c1987 _aSão Paulo |
||
| 300 | _a232 | ||
| 362 | _a19870000 | ||
| 500 | _acurso completo | ||
| 697 |
_aFísica _aCinemática _aEspaço _aVelocidade _aMovimento _aMovimento uniforme _aMovimento uniformemente variado _aCinemática vetorial _aDinâmica _aMovimnto _aEquilíbrio _aTermologia _aTermometria _aDilatação térmica _aCalorimetria _aGases _aTermodinâmica _aÓptica _aLuz _aReflexão da luz _aRefração da luz _aSistema óptico _aOscilações _aMovimento harmônico _aOndas _aReflexão _aRtração _aSom _aEletricidade _aCarga elétrica _aCircuito elétrico _aEletrostática _aEletromagnetismo _aEnsino Médio |
||
| 942 | _cBK | ||
| 999 |
_c139483 _d139483 |
||